Gaming Quiz

Random Gaming or WWE Quiz

WWF No Mercy characters (pictures) Quiz Stats

Quiz not verified by Sporcle

Challenge
Share
Tweet
Score 0/72 Timer 12:00
0 Plays Today
% Correct
The Rock
98.2%
Triple H
97.9%
Steve Austin
96.6%
Kane
96.2%
Mankind
95%
The Undertaker
94.9%
Kurt Angle
92.3%
Chris Jericho
90.8%
Rikishi
90.6%
Chris Benoit
89.2%
Jeff Hardy
88.2%
Matt Hardy
88.1%
Edge
87.4%
Buh Buh Ray Dudley
86.5%
Chyna
86.1%
Eddie Guerrero
85.3%
D-Von Dudley
85.2%
X-Pac
85.2%
Bradshaw
84.1%
Scotty Too Hotty
83.6%
Road Dogg
83.1%
Christian
82.4%
Mr. Ass
82.3%
Tazz
81%
Faarooq
80.9%
Mark Henry
80%
The Godfather
79.4%
Albert
78.8%
Shane McMahon
78.4%
Vince McMahon
78.2%
Shawn Michaels
77.8%
Viscera
77.7%
Andre the Giant
77.4%
Big Boss Man
77.4%
Linda McMahon
76.9%
Grand Master Sexay
76.3%
% Correct
Dean Malenko
76.3%
Cactus Jack
76.1%
Jerry Lawler
75.6%
Test
75.3%
Lita
74.4%
Ken Shamrock
73.7%
Steve Blackman
72.8%
Perry Saturn
72.7%
Mae Young
71.9%
Jim Ross
71.2%
Val Venis
71.1%
D'lo Brown
69.5%
Stephanie McMahon
69.1%
Funaki
68.9%
Fabulous Moolah
67.9%
Crash
67.6%
Hardcore Holly
67.6%
Howard Finkel
67.1%
Steven Richards
66.3%
Al Snow
65.1%
Pat Patterson
64.6%
Gerald Brisco
64.2%
Earl Hebner
63%
Paul Bearer
62.9%
Michael Cole
62.1%
Taka Michinoku
60.8%
Trish Stratus
59.9%
Bull Buchanan
59.1%
Jacqueline
59%
Ivory
58.5%
Tori
56.5%
The Kat
56.2%
British Bulldog
53.8%
Essa Rios
53.7%
Debra
42.2%
Terri
42.1%

You're not logged in!

Compare scores with friends on all Sporcle quizzes.
Sign Up with Email
OR
Log In

You Might Also Like...

Show Comments

Extras

Top Quizzes Today


Score Distribution

Your Account Isn't Verified!

In order to create a playlist on Sporcle, you need to verify the email address you used during registration. Go to your Sporcle Settings to finish the process.